000 00669nam a2200217Ia 4500
003 GCL
008 140319s9999 xx 000 0 ara d
040 _aGCL /
_cGCL
082 0 4 _aط
_b813.02
_bى ط
100 1 _aيعقوب الشارونى
245 1 0 _aالذهب والحكمة /
_cيعقوب الشارونى
700 1 _aعادل البطراوى
260 _a[S.N] :
_bدار الكتاب المصرى ،
_c1993
300 _a16 ص
490 _aالطرائف للقراءة والاستيعاب
_v0
650 0 4 _aالقصص القصيرة
650 0 4 _aالاطفال
650 0 4 _aالقصص
650 0 4 _aقصص الاطفال
942 _2ddc
_cBK
999 _c57772
_d57772